Statistics for Major parallels and meridians going through countries

Click here to take the quiz!

General Stats

  • This quiz has been taken 263 times
  • The average score is 39 of 55

Answer Stats

country % Correct
United Kingdom
100%
Russia
99%
United States
98%
Canada
98%
Brazil
95%
India
93%
China
93%
Mexico
92%
Sweden
91%
Spain
90%
Norway
90%
Finland
90%
Ecuador
88%
France
88%
Algeria
88%
Mali
85%
Democratic republic of the Congo
85%
Republic of the Congo
84%
Iceland
84%
Argentina
83%
Australia
83%
Chile
83%
Morocco
82%
Indonesia
79%
Colombia
77%
Mongolia
76%
Niger
72%
Kenya
72%
Ghana
71%
Egypt
70%
Mauritania
69%
South Africa
67%
Burkina Faso
67%
Libya
66%
Saudi Arabia
66%
Guatemala
63%
Uganda
62%
Paraguay
62%
Gabon
61%
Togo
60%
Bangladesh
60%
Somalia
57%
El Salvador
56%
Namibia
56%
Bhutan
54%
Mozambique
53%
Botswana
51%
Madagascar
50%
Oman
48%
Sao Tome and Principe
47%
Burma
47%
United Arab Emirates
44%
Fiji
40%
Taiwan
29%
Bahamas
20%

Score Distribution

Percentile by Number Answered

Percent of People with Each Score

Your Score History

You have not taken this quiz